Score 0/54 Timer 15:00
0 Plays Today
Region Province % Correct
Arica and ParinacotaArica
69.8%
Arica and ParinacotaParinacota
66.1%
TarapacáIquique
64.5%
AntofagastaAntofagasta
64.1%
O'HigginsCachapoal
57.3%
AntofagastaEl Loa
53.6%
AtacamaCopiapó
53.6%
AntofagastaTocopilla
53.2%
ValparaísoValparaíso
53.2%
TarapacáTamarugal
52.8%
O'HigginsCardenal Caro
52.8%
Metropolitana (RM)Santiago
49.6%
O'HigginsColchagua
49.2%
AtacamaChañaral
48.8%
AtacamaHuasco
47.6%
ValparaísoLos Andes
47.2%
ValparaísoIsla de Pascua
46.4%
MauleTalca
46.4%
CoquimboElqui
45.2%
BiobíoBiobío
45.2%
BiobíoConcepción
45.2%
CoquimboChoapa
44.8%
CoquimboLimarí
44.8%
MauleCuricó
44%
MauleCauquenes
43.1%
ValparaísoQuillota
42.7%
ValparaísoSan Antonio
42.7%
Region Province % Correct
MauleLinares
42.7%
ValparaísoMarga Marga
42.3%
Los RíosValdivia
42.3%
ValparaísoSan Felipe
41.9%
Los LagosChiloé
41.9%
BiobíoÑuble
40.7%
ValparaísoPetorca
39.9%
Los LagosOsorno
39.5%
Metropolitana (RM)Cordillera
37.9%
AisénAisén
37.9%
BiobíoArauco
37.5%
AraucaníaCautín
37.5%
Magallanes and Antártica ChilenaMagallanes
36.7%
Metropolitana (RM)Maipo
35.9%
Metropolitana (RM)Melipilla
35.1%
AraucaníaMalleco
35.1%
Los LagosLlanquihue
35.1%
Magallanes and Antártica ChilenaAntártica Chilena
35.1%
Magallanes and Antártica ChilenaTierra Del Fuego
35.1%
Metropolitana (RM)Chacabuco
34.7%
Los RíosRanco
34.3%
Metropolitana (RM)Talagante
33.5%
Los LagosPalena
32.7%
AisénCapitán Prat
31.9%
Magallanes and Antártica ChilenaÚltima Esperanza
31.5%
AisénGeneral Carrera
29%
AisénCoihaque
23%
Remove Ads.
Support Sporcle.
Get the best of Sporcle when you Go Orange. This ad-free experience offers more features, more stats, and more fun while also helping to support Sporcle. Thank you for becoming a member.

You're not logged in!

Compare scores with friends on all Sporcle quizzes.
OR
Log In

Show Comments

Extras

Created Dec 23, 2014SourceReportNominate
Tags:chile

Top Quizzes Today


Score Distribution

Your Account Isn't Verified!

In order to create a playlist on Sporcle, you need to verify the email address you used during registration. Go to your Sporcle Settings to finish the process.

Report this User

Report this user for behavior that violates our Community Guidelines.

Details: